Εισαγωγή στις επιστήμες της εκπαίδευσης
Αποθηκεύτηκε σε:
| Άλλοι συγγραφείς: | , , |
|---|---|
| Μορφή: | Βιβλίο |
| Γλώσσα: | Greek French |
| Δημοσίευση: |
Αθήνα :
Μεταίχμιο,
2005.
|
| Σειρά: | Επιστήμες της αγωγής. Θεωρίες της αγωγής.
|
| Θέματα: | |
| Ετικέτες: |
Προσθήκη ετικέτας
Δεν υπάρχουν, Καταχωρήστε ετικέτα πρώτοι!
|
MARC
| LEADER | 00000cam a2200000 i 4500 | ||
|---|---|---|---|
| 001 | 1/29825 | ||
| 008 | 130521s20052004gr | ||| |||| ||gre|| | ||
| 020 | |a 9603758353 | ||
| 035 | |l 10114450 | ||
| 040 | |a GR-MyUA |b gre |e AACR2 | ||
| 041 | 1 | |a gre |h fre | |
| 082 | 0 | |a 370 |2 (22) | |
| 245 | 0 | 0 | |a Εισαγωγή στις επιστήμες της εκπαίδευσης / |c επιμέλεια: Rita Hofstetter, Bernard Schneuwly ; μετάφραση-επιστημονική επιμέλεια-επίμετρο Δέσποινα Καρακατσάνη. |
| 260 | |a Αθήνα : |b Μεταίχμιο, |c 2005. | ||
| 300 | |a 511 σ. ; |c 21 εκ. | ||
| 490 | 1 | |a (Επιστήμες της αγωγής / Θεωρίες της αγωγής) | |
| 500 | |a Τίτλος πρωτοτύπου: Le pari des sciences de l'education. | ||
| 504 | |a Περιλαμβάνει βιβλιογραφικές παραπομπές. | ||
| 650 | 0 | 0 | |a Education |z Europe. |
| 650 | 0 | 0 | |a Universities and colleges |x Curricula. |
| 700 | 1 | |a Hofstetter, Rita, |e edtf | |
| 700 | 1 | |a Schneuwly, Bernard, |e edt | |
| 700 | 1 | |a Καρακατσάνη, Δέσποινα, |e trlf | |
| 830 | 0 | |a Επιστήμες της αγωγής. |p Θεωρίες της αγωγής. | |
| 852 | |a INST |b RHODES |c EUDOXUS |e 20130521 |h 370 ΕΙΣ |p 005400035227 |q 005400035227 |t EDX |y 0 | ||
| 852 | |a INST |b RHODES |c EUDOXUS |e 20170427 |h 370 ΕΙΣ |p 005400039265 |q 005400039265 |t EDX |y 0 | ||
| 852 | |a INST |b SAMOS |c EUDOXUS |e 20170110 |h 370 ΕΙΣ |p 005300044085 |q 005300044085 |t EDX |y 0 | ||
| 901 | |a BIBL4-2013-2 | ||
| 909 | |a Ρ |b 176756 | ||
| 920 | |a Εύδοξος |b Παραγγελία |y Ρόδος-ΠΤΔΕ |z 2017-04 | ||
| 920 | |a Εύδοξος |b Παραγγελία |y Ρόδος-ΠΤΔΕ |z 2013-05 | ||
| 920 | |a Εύδοξος |b Παραγγελία |y Σάμος-ΤΜΑΘ |z 2016-12 | ||
| 922 | |a 4ΕΛΗ | ||
| 970 | |z 2013/05/21 | ||